000 00624cam a2200181 i 4500
005 20251108172804.0
008 250721s1999 jo gr 000 0 ara d
082 1 4 _a001.4
_bش ي خ
100 1 _aأبو شيخة، نادر أحمد
_eمؤلف.
245 1 0 _aكتابة التقارير :
_cالدكتور نادر احمد ابو شيخة.
250 _aالطبعة الاولى.
264 3 1 _aعمان :
_bدار صفاء للنشر والتوزيع,
_c1999.
300 _a255 صفحة.
650 1 7 _aالبحث العلمي.
650 1 7 _aالتقارير.
942 _2ddc
_cBK
999 _c88508
_d88508